(Khmer) best stories of Jesus: (Record no. 49820)
| 000 -LEADER | |
|---|---|
| fixed length control field | 00225nam a2200097 4500 |
| 245 ## - TITLE STATEMENT | |
| Title | (Khmer) best stories of Jesus: |
| Remainder of title | part 2 / |
| 260 ## - PUBLICATION, DISTRIBUTION, ETC. (IMPRINT) | |
| Place of publication, distribution, etc | Cambodia: |
| 300 ## - PHYSICAL DESCRIPTION | |
| Extent | 181 p. |
| 650 ## - SUBJECT ADDED ENTRY--TOPICAL TERM | |
| Topical term or geographic name as entry element | Bible stories. |
| 942 ## - ADDED ENTRY ELEMENTS (KOHA) | |
| Source of classification or shelving scheme | |
| Koha item type | Khmer NON FIC Books |
| Withdrawn status | Lost status | Source of classification or shelving scheme | Damaged status | Not for loan | Collection code | Home library | Current library | Date acquired | Full call number | Barcode | Date last seen | Price effective from | Koha item type |
|---|---|---|---|---|---|---|---|---|---|---|---|---|---|
| Siem Riep | Asian Hope Secondary Library | Asian Hope Secondary Library | 11/26/2025 | KHMER 220.9505 BES BK.2 | 208815 | 01/16/2026 | 11/26/2025 | Khmer NON FIC Books |